1954 1326 1445 1848 1544 1712 1378 1519 1846 1755 1882 1467 1611 1980 1997 1649 1170 1364 1246 1948 1728 1509 1279 1187 1702 1656 1791 1004 1407 1275 1330 1353 1899 1115 1931 1936 1723 1763 1473 1128 1893 1758 1907 1086 1746 1717 1285 1576 1787 1329 1755 1374 1711 1480 1088 1357 1392 1665 1877 1612 1112 1697 1397 1582 1965 1902 1177 1197 1413 1070 1286 1483 1543 1977 1900 1041 1916 1409 1011 1497 1903 1696 1674 1967 1570 1590 1465 1534 1221 1428 1098 1132 1207 1326 1532 1195 1221 1514 1784 BCNSPRNW ULIB Ver.6.0+V

เปลี่ยนเป็นภาษาไทย

Change to English
 แสดงรายละเอียดบรรณานุกรม
  กลับหน้าหลัก

Brief Record : Get Marc (ISO 2709) : E-mail record : QR code < ปิดหน้าต่าง
LEADER : 00000nam 2200000uu 4500
001    13399124491
003     ULIB
008    150804s2557||||th 000 0 tha d
020    ^a9789746758215
060 04 ^aWY100.4^bว641ก
100 0  ^aวิพร เสนารักษ์
245 10 ^aการวินิจฉัยการพยาบาล /^cวิพร เสนารักษ์
250    ^aพิมพ์ครั้งที่ 18
260    ^aขอนแก่น :^bภาควิชาการพยาบาลอายุรศาสตร์และศัลยศาสตร์คณะแพทยศาสตร์ มหาวิทยาลัยขอนแก่น,^c2557
300    ^a253 หน้า ;^c27 ซม.
650  7 ^aการพยาบาล
653    ^aการวินิจฉัยทางการพยาบาล
710 2  ^aมหาวิทยาลัยขอนแก่น.^bภาควิชาการพยาบาลอายุรศาสตร์และศัลยศาสตร์
945    ^p200^l0^i23082
945    ^p200^l0^i23083
945    ^p200^l0^i23084
945    ^p200^l0^i23085
945    ^p200^l0^i23086
945    ^p200^l0^i23087
945    ^p200^l0^i23088
945    ^p200^l0^i23089
945    ^p200^l0^i23090
945    ^p200^l0^i23091
999    ^aทศพร เกษรทอง
รายการนี้ยังไม่มีแท็ก
คุณยังไม่ได้ล็อกอิน คุณสามารถมีกิจกรรมร่วมกับเว็บไซต์ได้ แต่ต้องล็อกอินก่อน ::
  ล็อกอิน

รายการสื่อสารสนเทศ

ลำดับที่ ประเภท เลขเรียก/บาร์โค้ด สถานที่ สถานะ
1. Book การพยาบาล
Book การพยาบาล
WY100.4 ว641ก ฉ.1 
  Barcode: 23082
ห้องสมุดวิทยาเขตนครสวรรค์
►หนังสือทั่วไป:l:General Books
ถูกยืม กำหนดส่งวันที่ 17 ตุลาคม 2568
  จอง
2. Book การพยาบาล
Book การพยาบาล
WY100.4 ว641ก ฉ.10 
  Barcode: 23091
ห้องสมุดวิทยาเขตนครสวรรค์
►ส่วนจัดเก็บหนังสือเก่า นว.
บนชั้น
  ขอยืม
3. Book การพยาบาล
Book การพยาบาล
WY100.4 ว641ก ฉ.2 
  Barcode: 23083
ห้องสมุดวิทยาเขตนครสวรรค์
►ส่วนจัดเก็บหนังสือเก่า นว.
บนชั้น
  ขอยืม
4. Book การพยาบาล
Book การพยาบาล
WY100.4 ว641ก ฉ.3 
  Barcode: 23084
ห้องสมุดวิทยาเขตนครสวรรค์
►หนังสือทั่วไป:l:General Books
บนชั้น
5. Book การพยาบาล
Book การพยาบาล
WY100.4 ว641ก ฉ.4 
  Barcode: 23085
ห้องสมุดวิทยาเขตนครสวรรค์
►ส่วนจัดเก็บหนังสือเก่า นว.
บนชั้น
  ขอยืม
6. Book การพยาบาล
Book การพยาบาล
WY100.4 ว641ก ฉ.5 
  Barcode: 23086
ห้องสมุดวิทยาเขตนครสวรรค์
►ส่วนจัดเก็บหนังสือเก่า นว.
บนชั้น
  ขอยืม
7. Book การพยาบาล
Book การพยาบาล
WY100.4 ว641ก ฉ.6 
  Barcode: 23087
ห้องสมุดวิทยาเขตนครสวรรค์
►หนังสือทั่วไป:l:General Books
บนชั้น
8. Book การพยาบาล
Book การพยาบาล
WY100.4 ว641ก ฉ.7 
  Barcode: 23088
ห้องสมุดวิทยาเขตนครสวรรค์
►ส่วนจัดเก็บหนังสือเก่า นว.
บนชั้น
  ขอยืม
9. Book การพยาบาล
Book การพยาบาล
WY100.4 ว641ก ฉ.8 
  Barcode: 23089
ห้องสมุดวิทยาเขตนครสวรรค์
►ส่วนจัดเก็บหนังสือเก่า นว.
บนชั้น
  ขอยืม
10. Book การพยาบาล
Book การพยาบาล
WY100.4 ว641ก ฉ.9 
  Barcode: 23090
ห้องสมุดวิทยาเขตนครสวรรค์
►ส่วนจัดเก็บหนังสือเก่า นว.
บนชั้น
  ขอยืม

รายการใกล้เคียง
    ผู้แต่ง [วิพร เสนารักษ์]

    หัวเรื่อง [การพยาบาล]

BibComment


ยังไม่เคยถูกคอมเมนท์

คอมเมนท์ทรัพยากรรายการนี้
  คอมเมนท์: การวินิจฉัยการพย..


 Copyright 2026. Bcnsprnw @Library